From revolution to rights in South Africa : (Record no. 3897)

000 -LEADER
fixed length control field 01888cam a2200433 a 4500
001 - CONTROL NUMBER
control field 15637273
003 - CONTROL NUMBER IDENTIFIER
control field Nust
005 - DATE AND TIME OF LATEST TRANSACTION
control field 20180117090019.0
008 - FIXED-LENGTH DATA ELEMENTS--GENERAL INFORMATION
fixed length control field 090225s2008 enka b 001 0 eng
010 ## - LIBRARY OF CONGRESS CONTROL NUMBER
LC control number 2009275468
015 ## - NATIONAL BIBLIOGRAPHY NUMBER
National bibliography number GBA8A1507
Source bnb
016 7# - NATIONAL BIBLIOGRAPHIC AGENCY CONTROL NUMBER
Record control number 014697900
Source Uk
020 ## - INTERNATIONAL STANDARD BOOK NUMBER
International Standard Book Number 9781847012029 (hbk. : James Currey)
020 ## - INTERNATIONAL STANDARD BOOK NUMBER
International Standard Book Number 1847012027 (hbk. : James Currey)
020 ## - INTERNATIONAL STANDARD BOOK NUMBER
International Standard Book Number 9781869141646 (pbk. : KwaZuluNatal)
020 ## - INTERNATIONAL STANDARD BOOK NUMBER
International Standard Book Number 1869141644 (pbk. : KwaZuluNatal)
035 ## - SYSTEM CONTROL NUMBER
System control number (OCoLC)ocn243545111
040 ## - CATALOGING SOURCE
Original cataloging agency UKM
Transcribing agency UKM
Modifying agency BTCTA
-- BAKER
-- YDXCP
-- BWKUK
-- BWK
-- BWX
-- DLC
042 ## - AUTHENTICATION CODE
Authentication code lccopycat
050 00 - LIBRARY OF CONGRESS CALL NUMBER
Classification number HN801.A8
Item number R63 2008
082 04 - DEWEY DECIMAL CLASSIFICATION NUMBER
Classification number 303.4840968
Edition number 22
100 1# - MAIN ENTRY--PERSONAL NAME
Personal name Robins, Steven L.
245 10 - TITLE STATEMENT
Title From revolution to rights in South Africa :
Remainder of title social movements, NGOs & popular politics after apartheid /
Statement of responsibility, etc. Steven L. Robins.
260 ## - PUBLICATION, DISTRIBUTION, ETC.
Place of publication, distribution, etc. Woodbridge [England] ;
-- Rochester, NY :
Name of publisher, distributor, etc. James Currey ;
Place of publication, distribution, etc. Scottsville, South Africa :
Name of publisher, distributor, etc. University of Kwazulu-Natal Press,
Date of publication, distribution, etc. 2008.
300 ## - PHYSICAL DESCRIPTION
Extent xvi, 192 p. :
Other physical details ill. ;
Dimensions 25 cm.
504 ## - BIBLIOGRAPHY, ETC. NOTE
Bibliography, etc. note Includes bibliographical references (p. 175-185) and index.
650 #0 - SUBJECT ADDED ENTRY--TOPICAL TERM
Topical term or geographic name entry element Social movements
Geographic subdivision South Africa.
650 #0 - SUBJECT ADDED ENTRY--TOPICAL TERM
Topical term or geographic name entry element Group identity
Geographic subdivision South Africa.
650 #0 - SUBJECT ADDED ENTRY--TOPICAL TERM
Topical term or geographic name entry element Civil society
Geographic subdivision South Africa.
650 #0 - SUBJECT ADDED ENTRY--TOPICAL TERM
Topical term or geographic name entry element AIDS (Disease)
General subdivision Political aspects
Geographic subdivision South Africa.
650 #0 - SUBJECT ADDED ENTRY--TOPICAL TERM
Topical term or geographic name entry element Community organization
Geographic subdivision South Africa.
651 #0 - SUBJECT ADDED ENTRY--GEOGRAPHIC NAME
Geographic name South Africa
General subdivision Politics and government
Chronological subdivision 1994-
651 #0 - SUBJECT ADDED ENTRY--GEOGRAPHIC NAME
Geographic name South Africa
General subdivision Social conditions
Chronological subdivision 1994-
856 42 - ELECTRONIC LOCATION AND ACCESS
Materials specified Book review (H-Net)
Uniform Resource Identifier <a href="http://www.h-net.org/reviews/showrev.php?id=32880">http://www.h-net.org/reviews/showrev.php?id=32880</a>
906 ## - LOCAL DATA ELEMENT F, LDF (RLIN)
a 7
b cbc
c copycat
d 2
e ncip
f 20
g y-gencatlg
942 ## - ADDED ENTRY ELEMENTS (KOHA)
Source of classification or shelving scheme
Koha item type Book
Holdings
Withdrawn status Lost status Source of classification or shelving scheme Damaged status Not for loan Collection code Permanent Location Current Location Shelving location Date acquired Total Checkouts Full call number Barcode Date last seen Price effective from Koha item type
            Central Library (CL) Central Library (CL) General Stacks 01/03/2017   303.4840968 ROB S3H-S-900 01/03/2017 01/03/2017 Book
© 2023 Central Library, National University of Sciences and Technology. All Rights Reserved.